000 00825cam a2200253 4500500
005 20260329010018.0
041 _afre
042 _adc
100 1 0 _aLarmagnac-Matheron, Octave
_eauthor
245 0 0 _aFrançoise Dastur : "Pour les hindous, l’homme peut librement infléchir le sens de sa destinée"
260 _c2020.
500 _a40
690 _aBouddhisme
690 _aHindouïsme
690 _aInde
690 _aLibre arbitre
690 _aMartin Heidegger
690 _aNéant
690 _aSagesse
690 _aTemps
690 _aTradition
786 0 _nPhilosophie magazine - Hors séries | Hors-série Hiver-Pritemps 2020 | HS44 | 2020-04-01 | p. 13-15 | 2104-9246
856 4 1 _uhttps://shs.cairn.info/magazine-philosophie-magazine-2020-hs44-page-13?lang=fr&redirect-ssocas=7080
999 _c1848733
_d1848733